000 00463nam a2200181Ia 4500
001 21432
005 20260306172919.0
008 260306t2005||||xx |||||||||||||| ||spa||
041 _aESP
082 _a345
_bD59
100 _aCongreso Internacional de Derecho Procesal
_eAUT
245 0 _aDerecho procesal:
_bIII congreso internacional
260 _c2005
300 _a409 páginas :
_c26 cm.
650 _aGEN
654 _aCDE
942 _cLIB
_dJUS
_fJUS
_2ddc
_n
999 _c21432
_d21432